Cambridge company/ (Record no. 139394)
[ view plain ]
| 000 -LEADER | |
|---|---|
| fixed length control field | 00440nam a22001697a 4500 |
| 005 - DATE AND TIME OF LATEST TRANSACTION | |
| control field | 20170501153015.0 |
| 010 ## - LCCN (DPL NO) | |
| LC control number | ENG-117998 |
| 020 ## - INTERNATIONAL STANDARD BOOK NUMBER | |
| International Standard Book Number | 9789350090602 |
| Terms of availability | 499.00 |
| 035 ## - SYSTEM CONTROL NUMBER | |
| System control number | EN-101530 |
| 037 ## - SOURCE OF ACQUISITION | |
| Source of stock number/acquisition | DBAD/PUB |
| 082 ## - DEWEY DECIMAL CLASSIFICATION NUMBER | |
| Classification number | S |
| 100 ## - MAIN ENTRY--PERSONAL NAME | |
| Personal name | Dhondy, Farrukh |
| 245 ## - TITLE STATEMENT | |
| Title | Cambridge company/ |
| Statement of responsibility, etc | by Farrukh Dhondy |
| 260 ## - PUBLICATION, DISTRIBUTION, ETC. (IMPRINT) | |
| Place of publication, distribution, etc | Gurgaon |
| Name of publisher, distributor, etc | Hachette Books Publishing India |
| Date of publication, distribution, etc | 2016 |
| 300 ## - PHYSICAL DESCRIPTION | |
| Extent | vi,228p. |
| Dimensions | 20cm.(Hb) |
| 942 ## - ADDED ENTRY ELEMENTS (KOHA) | |
| Source of classification or shelving scheme | Dewey Decimal Classification |
| Item type | English Books |
| Classification part | S |
| Call number suffix | DHO |
| Withdrawn status | Lost status | Not for loan | Collection code | Home library | Current library | Date acquired | Source of acquisition | Cost, normal purchase price | Full call number | Barcode | Copy number | Cost, replacement price | Koha item type |
|---|---|---|---|---|---|---|---|---|---|---|---|---|---|
| Fiction | Ashok Vihar | Ashok Vihar | 01/05/2017 | DBAD/PUB | 499.00 | S DHO | EN-101530 | 1 | 499.00 | English Books |
